Célèbres peintures et sculptures des Musées Étrangers, réduites et gravées au trait, avec des notices historiques et critiques, pour servir de suite et de complément aux annales du Musée Français / publiées par C. P. Landon

Detalles Bibliográficos
Autor principal: Landon, Charles Paul, 1760-1826
Otros Autores: Reveil, Aquiles, grab, Normand, grab, Soyer, grab, Niccolo dell'Abale, grab
Formato: Libro
Lenguaje:French
Publicado: a Paris : chez Pillet Ainé, imprimeur-libraire, éditeur des annales du Musée, du voyage autour du monde, de la Collection des Moeurs françaises, anglaises italiennes, etc., rue des Grands-Augustins, N°. 7, 1836.
Colección:Banco de datos
Acervo:Fondo Bibliográfico Antiguo del Archivo Municipal de Orizaba
Descripción Física:4 t. : il. ; 8°
Notas:Portada tipográfica con pleca en grabado xilográfico. Título de la anteportada: Choix de tableaux et statues. Texto a renglón seguido con paginación en números arábigos y notas a pie de página. Cada tomo con portada y paginación propias. Los t. 1-3 publicados en 1836. Paginación: t. 1 [99] h.; t. 2 [109] h.; t. 3 [114] h. Incluyen ilustraciones en grabado xilográfico elaboradas por Nicolo dell'Abale, Normand, Soyer, Reveil, Albane. Encuadernación en cartón con lomo en piel (3422-3424). Sello en tinta del Archivo Municipal de Orizaba, Veracruz (3422-3424). Daños en la encuadernación
LEADER 01588nam a22002050004500
035 |a 1849 
041 0 |a fre 
100 1 |a Landon, Charles Paul, 1760-1826 
245 1 0 |a Célèbres peintures et sculptures des Musées Étrangers, réduites et gravées au trait, avec des notices historiques et critiques, pour servir de suite et de complément aux annales du Musée Français / publiées par C. P. Landon  
260 |a a Paris : chez Pillet Ainé, imprimeur-libraire, éditeur des annales du Musée, du voyage autour du monde, de la Collection des Moeurs françaises, anglaises italiennes, etc., rue des Grands-Augustins, N°. 7, 1836.  
300 |a 4 t. : il. ; 8° 
500 |a Portada tipográfica con pleca en grabado xilográfico. Título de la anteportada: Choix de tableaux et statues. Texto a renglón seguido con paginación en números arábigos y notas a pie de página. Cada tomo con portada y paginación propias. Los t. 1-3 publicados en 1836. Paginación: t. 1 [99] h.; t. 2 [109] h.; t. 3 [114] h. Incluyen ilustraciones en grabado xilográfico elaboradas por Nicolo dell'Abale, Normand, Soyer, Reveil, Albane. Encuadernación en cartón con lomo en piel (3422-3424). Sello en tinta del Archivo Municipal de Orizaba, Veracruz (3422-3424). Daños en la encuadernación  
700 1 |a Reveil, Aquiles, grab. 
700 1 |a Normand, grab.  
700 1 |a Soyer, grab.  
700 1 |a Niccolo dell'Abale, grab.  
949 |a t. 1 (3422); t. 2 (3423); t. 3 (3424) 
942 |c ORIZABA 
943 |g Fondo Bibliográfico Antiguo del Archivo Municipal de Orizaba 
999 |c 1103799  |d 1103799